Türkiye'de terör ve şiddet (Record no. 1558)

MARC details
000 -BAŞLIK
Sabit Uzunlukta Kontrol Alanı 00882na a2200301 4500
001 - KONTROL NUMARASI
Denetim Alanı 13097
003 - KONTROL NUMARASI IDENTIFIER
Denetim Alanı MIRAKIL
005 - SON İŞLEM TARİHİ VE ZAMANI
Denetim Alanı 20181213154826.0
008 - SABİT-BOY VERİ ELEMANLARI - GENEL BİLGİLER
Sabit Uzunlukta Kontrol Alanı 161001b tu 000 0
035 ## - SİSTEM KONTROL NUMARASI
Sistem Kontrol Numarası 13097
040 ## - KATALOGLAMA KAYNAK
Orijinal Kataloglama Ajansı Milas
Kataloglama Dili tur
Metne Dönüştürmek Ajansı TR-AnCHP
041 ## - DİL KODU
Metin / Ses Parça Veya Ayrı Başlığın Dil Kodu tur
082 ## - DEWEY ONLU SINIFLANDIRMA NUMARASI
Sınıflandırma Numarası 303.62509561
Ürün Numarası E63t 1980
090 ## - SINIFLAMA NUMARASI
Sınıflama Numarası 303.62509561 E63t 1980
100 ## - ANA GİRİŞ - KİŞİSEL İSİM
Kişisel Ad Ergil, Doğu
245 ## - BAŞLIK TABLOSU
Başlık Türkiye'de terör ve şiddet
Başlığın Kalan Yapısal ve kültürel kaynakları
Sorumluluk Tablosu, Vb Doğu Ergil
260 ## - YAYIN, DAĞITIM, VB
Yayın, Dağıtım, Vb Yeri Ankara
Yayıncı, Dağıtıcı, Vs Adı Turhan Kitabevi
Yayın, Dağıtım, Vb Tarihi 1980
300 ## - FİZİKSEL TANIM
Kapsam xv, 248 s.
Boyutlar 20 sm.
490 ## - SERİSİ TABLOSU
Seri Beyanı Turhan Kitabevi Yayınları Bilimsel Eserler Dizisi
Hacim / Ardışık Tanımı 4
504 ## - KAYNAKÇA VB NOT
Kaynakça Vb Notu Kaynakça var.
650 ## - KONU KATMA GİRİŞ - TOPİKAL DÖNEM
Topikal Süreli Veya Coğrafi Ad Giriş Elemanı Toplumsal sorunlar
Coğrafi Alt Bölümü Türkiye
650 ## - KONU KATMA GİRİŞ - TOPİKAL DÖNEM
Topikal Süreli Veya Coğrafi Ad Giriş Elemanı Şiddet
Coğrafi Alt Bölümü Türkiye
650 ## - KONU KATMA GİRİŞ - TOPİKAL DÖNEM
Topikal Süreli Veya Coğrafi Ad Giriş Elemanı Terörizm
Coğrafi Alt Bölümü Türkiye
650 ## - KONU KATMA GİRİŞ - TOPİKAL DÖNEM
Topikal Süreli Veya Coğrafi Ad Giriş Elemanı Toplumsal çatışmalar
Coğrafi Alt Bölümü Türkiye
942 ## - EKLENDİ GİRİŞ ELEMANLARI (KOHA)
Sınıflandırma Veya Raf Düzeni Kaynak
Koha Öğesi Türü Books
999 ## - SİSTEM KONTROL NUMARALARI (KOHA)
Koha Biblionumber 1558
Koha Biblioitemnumber 1558
657 ## - INDEX SÜRE - İŞLEVİ
-- Şiddet
657 ## - INDEX SÜRE - İŞLEVİ
-- Terör sorunu
Holdings
Kalıcı Konum Mevcut Konum Edinme Tarihi Edinim Kaynak Toplam Check-Out'Lar Tam Çağrı Numarası Barkod Tarih Son Görülme İtibaren Geçerli Fiyatlar Koha Öğesi Türü
CHP Kütüphanesi CHP Kütüphanesi 08/05/2016 Bağış   303.62509561 E63t 1980 000643 08/05/2016 08/05/2016 Books